Quasiconformal maps and Teichmuller theory
Αποθηκεύτηκε σε:
| Κύριος συγγραφέας: | |
|---|---|
| Άλλοι συγγραφείς: | |
| Μορφή: | Βιβλίο |
| Γλώσσα: | English |
| Δημοσίευση: |
Oxford :
Oxford University Press, 2007,
|
| Σειρά: | Oxford graduate texts in mathematics ;
; 11 |
| Θέματα: | |
| Ετικέτες: |
Προσθήκη ετικέτας
Δεν υπάρχουν, Καταχωρήστε ετικέτα πρώτοι!
|
MARC
| LEADER | 00000nam a2200000 i 4500 | ||
|---|---|---|---|
| 001 | 1/52211 | ||
| 008 | 070823s2007 eng d | ||
| 020 | |a 978-0-19-856926-8 | ||
| 020 | |a 0-19-856926-2 | ||
| 035 | |l 10089941 | ||
| 040 | |a GR-MY-UA |b gre |e aacr | ||
| 041 | 0 | |a eng | |
| 082 | 0 | |a 515.94 |2 (22) | |
| 100 | 1 | |a Fletcher, A. |q (Alastair) | |
| 245 | 1 | 0 | |a Quasiconformal maps and Teichmuller theory / |c A. Fletcher, V. Markovic |
| 260 | |a Oxford : |b Oxford University Press, |b 2007, | ||
| 300 | |a viii, 189 σ.; |b εικ.; |c 24 εκ. | ||
| 490 | 1 | |a Oxford graduate texts in mathematics |v ; 11 | |
| 504 | |a Περιλαμβάνει βιβλιογραφικές παραπομπές και ευρετήριο | ||
| 650 | 0 | 0 | |a Quasiconformal mappings. |
| 650 | 0 | 0 | |a Teichmuller spaces. |
| 700 | 1 | |a Markovic, V. |q (Vladimir) | |
| 830 | 0 | |a Oxford graduate texts in mathematics ; |v ; 11 | |
| 852 | |a INST |b SAMOS |e 20070823 |h 515.94 FLE |p 005300028443 |q 005300028443 |t BK |y 0 | ||
| 901 | |a BIBL3-2007-2 | ||
| 909 | |a Σ |b 136795 | ||
| 922 | |a 3ΕΛΗ |b 200707 |c ΕΠΕΑΕΚ2/ΤΜΗΜΑ ΜΑΘΗΜΑΤΙΚΩΝ |d ΕΛΕΥΘΕΡΟΥΔΑΚΗΣ | ||
| 970 | |a ΡΟΥΣΣΟΥ |b ΚΩΝΣΤΑΝΤΙΝΑ |z 2007/08/23 | ||